Państwa wyspiarskie - Statystyki

Ogólne statystyki
  • Ten quiz został rozwiązany 21 256 razy
    8 447 od ostatniego zresetowania
  • Średni wynik to 33 z 47
Statystyki odpowiedzi
km² Państwo % Poprawnych
270 467 Nowa Zelandia
90%
1 904 569 Indonezja
89%
377 930 Japonia
89%
242 900 Wielka Brytania
89%
587 041 Madagaskar
87%
109 884 Kuba
86%
70 273 Irlandia
84%
103 000 Islandia
84%
751 Dominika
83%
316 Malta
83%
9 251 Cypr
81%
48 671 Dominikana
81%
342 353 Filipiny
78%
27 750 Haiti
78%
10 991 Jamajka
76%
65 610 Sri Lanka
76%
965 Wyspy Świętego Tomasza i Książeca
75%
452 Seszele
74%
4 033 Republika Zielonego Przylądka
73%
181 Wyspy Marshalla
72%
300 Malediwy
71%
462 840 Papua-Nowa Gwinea
70%
18 272 Fidżi
69%
459 Palau
69%
28 896 Wyspy Salomona
69%
13 943 Bahamy
68%
702 Mikronezja
68%
21 Nauru
68%
616 Saint Lucia
68%
26 Tuvalu
67%
12 189 Vanuatu
67%
261 Saint Kitts i Nevis
65%
36 193 Tajwan
65%
5 130 Trynidad i Tobago
65%
811 Kiribati
64%
1 862 Komory
64%
389 Saint Vincent i Grenadyny
64%
430 Barbados
63%
2 842 Samoa
63%
2 040 Mauritius
62%
747 Tonga
60%
442 Antigua i Barbuda
59%
344 Grenada
57%
14 874 Timor Wschodni
53%
710 Singapur
51%
5 765 Brunei
46%
765 Bahrajn
34%
Nie znaleziono quizów pasujących do podanych kryteriów
Rozkład punktacji
Procent ludzi z każdym wynikiem
Percentyl według liczby udzielonych odpowiedzi
Twoja historia wyników
Nie rozwiązałeś tego quizu od ostatniego zresetowania